Länder ohne McDonalds - Statistiken

Allgemein
  • Dieses Quiz wurde 114 mal gespielt
  • Das Durchschnittsergebnis liegt bei 21 aus 37
Antwortstatistiken
Hint Antwort % Korrekt
Asien Russland
77%
Asien Nordkorea
76%
Asien Iran
69%
Europa Vatikan
69%
Asien Irak
65%
Asien Kasachstan
65%
Asien Afghanistan
63%
Asien Bhutan
62%
Nordamerika Kuba
62%
Europa Belarus
61%
Asien Nepal
61%
Asien Turkmenistan
60%
Asien Jemen
59%
Asien Kirgisistan
59%
Afrika Mali
58%
Asien Mongolei
58%
Asien Usbekistan
57%
Asien Syrien
56%
Afrika Demokratische Republik Kongo
55%
Asien Tadschikistan
55%
Afrika Somalia
54%
Afrika Süd Sudan
54%
Asien Laos
53%
Europa Island
51%
Europa Albanien
50%
Asien Armenien
50%
Afrika Burundi
50%
Asien Kambodscha
50%
Südamerika Bolivien
48%
Afrika Libyen
47%
Afrika Madagaskar
47%
Afrika Zentralafrikanische Republik
47%
Afrika Malawi
44%
Asien Bangladesch
43%
Nordamerika Barbados
40%
Afrika Simbabwe
40%
Afrika Ghana
37%
Keine übereinstimmenden Quizze gefunden
Verteilung der Resultate
Anzahl Personen mit jedem Resultat
Perzentil nach korrekt beantworteten Fragen
Ihre Resultats-Entwicklung
Sie haben dieses Quiz noch nicht gespielt